000
00330nam a2200145Ia 4500
003
OSt
005
20240115162559.0
008
170523s9999 xx 000 0 und d
020
_a
9789386456267
040
_c
IIMT UNIVERSITY
100
_a
Ram Raghu
245
0
_a
SUPPLY CHAIN MANAGEMENT
260
_b
Mac Millan
942
_2
ddc
_c
02
999
_c
1398
_d
1398